Energy efficiency and renewables: the case of the municipality of Potenza

Efektívne využívanie energie, využívanie alternatívnych zdrojov energie. Plán pre energetickú efektívnosť. Prípadová štúdia. Spotreba energie a hlavné energetické produkty. Náklady na energiu samosprávy Potenza. Energetická efektívnosť ako súčasť stratégie EÚ.

Enregistré dans:
Détails bibliographiques
Auteur principal: Andrejovský, Pavol, 1975-
Autres auteurs: Gajdoš, Jozef, 1962-2025, Girgošková, Mária, Ručinský, Rastislav
Format: Chapitre de livre
Langue:anglais
Sujets:
Tags: Ajouter un tag
Pas de tags, Soyez le premier à ajouter un tag!

MARC

LEADER 00000naa$a2200000$$$4500
001 0141602
005 20240502072535.4
041 0 |a eng 
044 |a SK 
245 1 0 |a Energy efficiency and renewables: the case of the municipality of Potenza  |c Recenzoval: Michal Pružinský 
520 |a Efektívne využívanie energie, využívanie alternatívnych zdrojov energie. Plán pre energetickú efektívnosť. Prípadová štúdia. Spotreba energie a hlavné energetické produkty. Náklady na energiu samosprávy Potenza. Energetická efektívnosť ako súčasť stratégie EÚ. 
610 2 0 |a energia 
610 2 0 |a efektívnosť 
610 2 0 |a zdroje energie obnoviteľné 
610 2 0 |a samospráva 
100 1 |a Andrejovský, Pavol, 1975- 
700 1 |a Gajdoš, Jozef, 1962-2025 
700 1 |a Girgošková, Mária 
700 1 |a Ručinský, Rastislav